| 000 | 00618nam a2200205Ia 4500 | ||
|---|---|---|---|
| 005 | 20250508154831.0 | ||
| 008 | 008 250505s9999 xx 000 0 eng d | ||
| 037 | _aTextual | ||
| 040 |
_aFEDL _beng _cFEDL |
||
| 041 |
_aeng _2eng |
||
| 084 |
_a329.942, HOL _qFEDL |
||
| 100 |
_aHolmes Geoffrey Ed. _9407255 |
||
| 245 | 0 | _aDivided society parties and politics in England 1694-1716 | |
| 260 |
_aLondon, UK _bEdward Arnold _c1967 |
||
| 300 | _axii,179p. | ||
| 490 | _aDocuments of modern history | ||
| 700 |
_a Speck W. A. Ed. _9766224 |
||
| 942 |
_cTEXL _h329.942, HOL |
||
| 999 |
_c1352381 _d1352381 |
||